LEADER 01063cam0-22003971i-450- 001 990003836050403321 005 20121005191013.0 010 $a88-464-2843-9 035 $a000383605 035 $aFED01000383605 035 $a(Aleph)000383605FED01 035 $a000383605 100 $a20030910d2001----km-y0itay50------ba 101 0 $aita 102 $aIT 105 $ay-------001cy 200 1 $aMobbing$econoscerlo per vincerlo$fHarald Ege 210 $aMilano$cFrancoAngeli$d2001 215 $a175 p.$d23 cm 225 1 $a<>società industriale e postindustriale$v55 610 0 $aMobbing 610 0 $aLavoro$aAspetti psicologici 676 $a158.7$v21$zita 700 1$aEge,$bHarald$0145157 801 0$aIT$bUNINA$gRICA$2UNIMARC 901 $aBK 912 $a990003836050403321 952 $aC-IV-46$bdip. 11020$fDDRC 952 $a158.7 EGE 2$b545/b$fBFS 952 $a158.7 EGE 2$b545$fBFS 952 $a18320 EGE$b19303$fSES 959 $aDDRC 959 $aSES 959 $aBFS 996 $aMobbing$9507170 997 $aUNINA LEADER 01462nam a2200349 i 4500 001 991001129859707536 005 20020507183816.0 008 940512s1985 ne ||| | eng 020 $a9027720746 035 $ab10805023-39ule_inst 035 $aLE01307513$9ExL 040 $aDip.to Matematica$beng 082 0 $a001.539 084 $aAMS 94A17 100 1 $aGrandy, Walter T.$d<1933- >$047342 245 10$aMaximum-entropy and Bayesian methods in inverse problems /$ceds. Ray Smith, W. T. Grandy, Jr 260 $aBoston ; Dordrecht ; Hingham, MA :$bD. Reidel Publ. Co.,$cc1985 300 $aix, 492 p. :$bill. ;$c25 cm. 490 0 $aFundamental theories of physics 500 $aIncludes bibliographies and index. 500 $aPapers presented at two workshops held at the University of Wyoming from June 8 to 10, 1981 and from August 9 to 11, 1982 650 0$aBayesian statistical decision theory$xCongresses 650 4$aInverse problems$xCongresses 650 4$aMaximum entropy method$xCongresses 650 4$aSpectral theory$xCongresses 700 1 $aSmith, C. Ray$d<1933- > 907 $a.b10805023$b23-02-17$c28-06-02 912 $a991001129859707536 945 $aLE013 94A SMI11 (1985)$g1$i2013000114910$lle013$o-$pE0.00$q-$rl$s- $t0$u0$v0$w0$x0$y.i10909540$z28-06-02 996 $aMaximum-entropy and Bayesian methods in inverse problems$9925901 997 $aUNISALENTO 998 $ale013$b01-01-94$cm$da $e-$feng$gne $h0$i1